| 000 | 00755cam a2200253 a 4500 | ||
|---|---|---|---|
| 001 | 16442818 | ||
| 005 | 20180213035200.0 | ||
| 008 | 100901s2011 maua b 001 0 eng | ||
| 010 | _a 2010936228 | ||
| 020 | _a9780312643591 (pbk. : instructor's ed.) | ||
| 020 | _a9780312605650 (alk. paper) | ||
| 040 |
_aDLC _cDLC |
||
| 041 | _aeng | ||
| 042 | _apcc | ||
| 080 | _a37 smi | ||
| 082 | _237 smi | ||
| 100 | _a48 | ||
| 101 | _aedu | ||
| 245 | 1 | 4 |
_aThe Arlington reader : _c[compiled by] Lynn Z. Bloom, Louise Z. Smith. |
| 504 | _aIncludes bibliographical references and index. | ||
| 906 |
_a7 _bcbc _corignew _d3 _eepcn _f20 _gy-gencatlg |
||
| 942 |
_2ddc _cBK |
||
| 999 |
_c42347 _d42347 |
||